000 00415nam a22001697a 4500
005 20190409101226.0
008 160520b xxu||||| |||| 00| 0 eng d
020 _a81-7409164-5
041 _aeng
082 _b3616
100 _aGarg G.C
_9892
245 _aUtilisation of electric power & electric teaction
260 _bKhanna Publishing
300 _a998
650 _aDIPLOMA ENGINEERING
_9817
942 _cBK
999 _c1227
_d1227